College Quizbowl Stats
College Quizbowl Stats
Circuits
Seasons
Sets
Records
Detailed Stats
About
Loading...
Midwest
Tossups
Bonuses
Players
Teams
Categories (Tossup)
Categories (Bonus)
Patrick Boyle
Notre Dame A
Categories
Category
Powers
Gets
Negs
BBs
Points
Earliest Buzz
Avg. Buzz
First Buzzes
Top 3 Buzzes
BPA
PVF
Science - Biology
0
4
0
0
40
46
65.50
1
4
0.00
0.00
Fine Arts - Classical Music
0
4
1
0
35
108
118.50
0
3
0.00
0.00
Pop Culture
0
0
0
0
0
0.00
0
0
0.00
0.00
Buzzes
Category
Answer
Value
Buzz Position
Science - Biology
vesicles
10
46
Science - Biology
spores
10
53
Science - Biology
ion channels
10
65
Science - Biology
DNA topoisomerases
10
98
Fine Arts - Classical Music
trombone
10
108
Fine Arts - Classical Music
Harold in Italy
10
111
Fine Arts - Classical Music
habanera
-5
117
Fine Arts - Classical Music
motet
10
125
Fine Arts - Classical Music
Edward Elgar’s Cello Concerto in E minor
10
130
Fine Arts - Classical Music
Brandenburg Concertos
0
135
Previous
1
2
Next